| 000 -LEADER |
| fixed length control field |
00361pab a2200145 454500 |
| 008 - FIXED-LENGTH DATA ELEMENTS--GENERAL INFORMATION |
| fixed length control field |
180718b xxu||||| |||| 00| 0 eng d |
| 100 ## - MAIN ENTRY--PERSONAL NAME |
| Personal name |
Main, Brian G.M. |
| 245 ## - TITLE STATEMENT |
| Title |
Women and the union wage gap |
| 650 ## - SUBJECT ADDED ENTRY--TOPICAL TERM |
| Topical term or geographic name entry element |
Women |
| 650 ## - SUBJECT ADDED ENTRY--TOPICAL TERM |
| Topical term or geographic name entry element |
Trade Unions |
| 650 ## - SUBJECT ADDED ENTRY--TOPICAL TERM |
| Topical term or geographic name entry element |
Wage Determination - U.K. |
| 700 ## - ADDED ENTRY--PERSONAL NAME |
| Personal name |
Reilly, Barry |
| 773 ## - HOST ITEM ENTRY |
| Main entry heading |
Economic Journal |
| 909 ## - |
| -- |
23966 |